<?xml version="1.0" encoding="UTF-8"?><?xml-stylesheet type="text/xsl" href="static/style.xsl"?><OAI-PMH xmlns="http://www.openarchives.org/OAI/2.0/" xmlns:xsi="http://www.w3.org/2001/XMLSchema-instance" xsi:schemaLocation="http://www.openarchives.org/OAI/2.0/ http://www.openarchives.org/OAI/2.0/OAI-PMH.xsd"><responseDate>2026-04-14T02:13:04Z</responseDate><request verb="GetRecord" identifier="oai:www.recercat.cat:10230/69527" metadataPrefix="marc">https://recercat.cat/oai/request</request><GetRecord><record><header><identifier>oai:recercat.cat:10230/69527</identifier><datestamp>2025-12-25T19:57:12Z</datestamp><setSpec>com_2072_6</setSpec><setSpec>col_2072_452954</setSpec></header><metadata><record xmlns="http://www.loc.gov/MARC21/slim" xmlns:dcterms="http://purl.org/dc/terms/" xmlns:xsi="http://www.w3.org/2001/XMLSchema-instance" xmlns:doc="http://www.lyncode.com/xoai" xsi:schemaLocation="http://www.loc.gov/MARC21/slim http://www.loc.gov/standards/marcxml/schema/MARC21slim.xsd">
   <leader>00925njm 22002777a 4500</leader>
   <datafield ind2=" " ind1=" " tag="042">
      <subfield code="a">dc</subfield>
   </datafield>
   <datafield ind2=" " ind1=" " tag="720">
      <subfield code="a">Cuka, Patrick</subfield>
      <subfield code="e">author</subfield>
   </datafield>
   <datafield ind2=" " ind1=" " tag="720">
      <subfield code="a">Villacorta, Raúl</subfield>
      <subfield code="e">author</subfield>
   </datafield>
   <datafield ind2=" " ind1=" " tag="260">
      <subfield code="c">2025-02-07T12:53:09Z</subfield>
   </datafield>
   <datafield ind2=" " ind1=" " tag="260">
      <subfield code="c">2025-02-07T12:53:09Z</subfield>
   </datafield>
   <datafield ind2=" " ind1=" " tag="260">
      <subfield code="c">2024-06</subfield>
   </datafield>
   <datafield ind2=" " ind1=" " tag="520">
      <subfield code="a">Treball fi de màster de: Master&amp;apos;s Degree in Specialized Economic Analysis: Specialization in Competition, Regulation and Markets Program. Curs 2023-2024</subfield>
   </datafield>
   <datafield ind2=" " ind1=" " tag="520">
      <subfield code="a">Tutors: Rosa Ferrer, Fabian Gaessler and Juan-José Ganuza</subfield>
   </datafield>
   <datafield ind2=" " ind1=" " tag="520">
      <subfield code="a">This study investigates the impact of shipping alliances and market concentration on maritime freight rates. For this purpose, we analyse Peruvian containerized imports at the transaction level using customs data and public mergers, acquisitions, and shipping alliances announcements from 2014 to 2018. Using a modified price-concentration analysis (PCA), we find that higher carrier-level concentration raises prices, while greater alliance-level concentration lowers them, particularly on smaller routes. Additionally, mergers and acquisitions tend to increase prices. Our findings are robust to different specifications and can be applied to countries with similar characteristics to those of Peru.</subfield>
   </datafield>
   <datafield ind2=" " ind1=" " tag="520">
      <subfield code="a">Este estudio investiga el impacto de las alianzas navieras y la concentración del mercado en los fletes marítimo. Para ello, analizamos transacciones de importación de contenedores en el Perú utilizando información aduanera y anuncios públicos de fusiones, adquisiciones y alianzas navieras desde 2014 hasta 2018. Mediante un análisis de precios-concentración (PCA) modificado, encontramos que una mayor concentración de líneas navieras aumenta los precios, y una mayor concentración de alianzas los reduce, particularmente en rutas más pequeñas. Además, las fusiones y adquisiciones tienden a incrementar los precios. Nuestros hallazgos son robustos a diferentes especificaciones y aplicables a países similares al Perú.</subfield>
   </datafield>
   <datafield tag="653" ind2=" " ind1=" ">
      <subfield code="a">Treball de fi de màster – Curs 2023-2024</subfield>
   </datafield>
   <datafield tag="653" ind2=" " ind1=" ">
      <subfield code="a">Shipping alliances</subfield>
   </datafield>
   <datafield tag="653" ind2=" " ind1=" ">
      <subfield code="a">Market concentration</subfield>
   </datafield>
   <datafield tag="653" ind2=" " ind1=" ">
      <subfield code="a">Price-concentration analysis</subfield>
   </datafield>
   <datafield tag="653" ind2=" " ind1=" ">
      <subfield code="a">Alianzas navieras</subfield>
   </datafield>
   <datafield tag="653" ind2=" " ind1=" ">
      <subfield code="a">Concentración de mercado</subfield>
   </datafield>
   <datafield tag="653" ind2=" " ind1=" ">
      <subfield code="a">Análisis de precios-concentración</subfield>
   </datafield>
   <datafield ind2="0" ind1="0" tag="245">
      <subfield code="a">A tale of two tides: comparing the price effect of market concentration and alliances in the container shipping market</subfield>
   </datafield>
</record></metadata></record></GetRecord></OAI-PMH>